00225 a2200097 4500001000700000040003500007100002100042240003000063245002500093362000900118153880 cEscola São Tomás de Aquino aPACEI, Cristina 10aOs gnomos do bosque lpor10aOs gnomos do bosque 0 a1990